000
00311nam a22001337a 4500
008
170829b xxu||||| |||| 00| 0 eng d
020
_a
9780205332335
041
_a
eng
080
_2
4TH
_a
070
100
_a
39
101
_a
MED
245
_a
RESEARCH METHODS FOR SOCIAL WORKERS
_c
YEGIDIS,B.L
942
_2
udc
_c
BK
999
_c
25379
_d
25379